| 000 | 00712nam a22001577a 4500 | ||
|---|---|---|---|
| 003 | OSt | ||
| 005 | 20150914095358.0 | ||
| 008 | 150914b xxu||||| |||| 00| 0 eng d | ||
| 040 | _cRUA | ||
| 082 | _aAGR KLO 2000 B022 Or.1 | ||
| 100 |
_9432 _aKLOT, SAMOEUN. |
||
| 245 | _aឥទ្ធិពលថ្នាំកសិកម្មផ្សំពីរុក្ខជាតិទៅលើខ្មូតកាល់ឡូសូប្រូគុល ម៉ាគុលឡាទុស ដែលបំផ្លាញសណ្តែកបាយស្តុក (effect of botanicals on mungbean storage pest callosobruchus maculatus) | ||
| 260 |
_aPhnom Penh _bRUA _c2000 |
||
| 300 |
_a72p. _bill. _c29cm. |
||
| 942 |
_2ddc _cAGR |
||
| 999 |
_c410 _d410 |
||